| 000 | 00659nam a22002057a 4500 | ||
|---|---|---|---|
| 003 | BD-DhJNU | ||
| 005 | 20250907090114.0 | ||
| 008 | 250907b |||||||| |||| 00| 0 eng d | ||
| 020 | _a8178240920 | ||
| 040 |
_aBD-DhJNU _bENG _cBD-DhJNU _dBD-DhJNU |
||
| 082 |
_223 _a920.54 |
||
| 245 |
_aTelling lives in India : _bBiography, autobiography, and life history / _cEdited by David Arnold and Stuart Blackburn |
||
| 260 |
_aNew Delhi : _bPermanent Black, _c2004. |
||
| 300 |
_ax, 323 p. : _c22 cm. |
||
| 504 | _aincludes index | ||
| 650 | _aIndia social conditions | ||
| 700 |
_aArnold, David _eEditor |
||
| 700 |
_aBlackburn, Stuart _eEditor |
||
| 942 |
_2ddc _cBK _n0 |
||
| 999 |
_c2089 _d2089 |
||